Documentos Ocasionales /
Guardado en:
| Autor Corporativo: | |
|---|---|
| Formato: | Libro |
| Lenguaje: | Spanish |
| Publicado: |
Bogotá, Colombia:
Centro de Estudios Internacionales de la Universidad de los Andes,
1988-
|
| Materias: | |
| Etiquetas: |
Agregar Etiqueta
Sin Etiquetas, Sea el primero en etiquetar este registro!
|
MARC
| LEADER | 00000nam a22000007a 4500 | ||
|---|---|---|---|
| 003 | cru CIDCACS/IIS | ||
| 005 | 20200422170247.0 | ||
| 008 | 200422s1988 ck |||p|r||||||0| ||spa|d | ||
| 999 | |c 43099 |d 43099 | ||
| 040 | |c cru CIDCACS/IIS | ||
| 090 | |a REV0389 | ||
| 110 | 2 | |9 9255 |a Centro de Estudios Internacionales de la Universidad de los Andes | |
| 245 | 1 | |a Documentos Ocasionales / |c Centro de Estudios Internacionales de la Universidad de los Andes | |
| 260 | |a Bogotá, Colombia: |b Centro de Estudios Internacionales de la Universidad de los Andes, |c 1988- | ||
| 500 | |a EXISTENCIAS: 1988 (1-3, 5-6) 1989 (7, 9-10) 1990 (14-15, 17-18) 1991 (19-20, 22) 1993 (30-31) 1994 (33-34, 36) 1995 (37-38) 1996 (41-42) | ||
| 650 | 0 | |9 136 |a HISTORIA | |
| 650 | 0 | |9 3063 |a EPOCA COLONIAL | |
| 650 | 7 | |9 8698 |a GRUPO DE CONTADORA | |
| 650 | 4 | |9 2646 |a RELACIONES INTERNACIONALES | |
| 650 | 0 | |9 382 |a POLITICA INTERNACIONAL | |
| 942 | |2 ddc |c PP | ||
